000 00939nam a2200265 a 4500
001 000023290
005 20200930022121.0
008 101201s1988 sp a r 000 0 spa d
020 _a8476402317
040 _aDO-SdBNP
_bspa
_cBNPHU
041 1 7 _aspa
_heng
_2Código de idioma MARC.
082 _aNNN
_bN669p
100 1 _aNielsen, Greg
_947959
240 1 0 _aPendulum power.
_lEspañol.
245 1 0 _aEl poder del péndulo :
_bun misterio que se puede ver, un poder que se puede sentir /
_cGreg Nielsen y Joseph Polansky ; traducido por Amparo Pérez.
260 _aMadrid :
_bEDAF,
_c1988.
300 _a155, [1] p. :
_bil. ;
_c21 cm.
490 1 _aLa tabla de esmeralda
_v85
534 _aTítulo original inglés:
_tPendulum power.
500 _aIncluye bibliografía (p. [152]-155).
700 1 _aPolansky, Joseph
_947960
700 1 _aPérez, Amparo
_etr.
_947961
830 0 _aLa tabla de esmeralda ;
_v85
_947962
049 _aBNGR
999 _c22787
_d22787